Arquitectura y acero

Uloženo v:
Podrobná bibliografie
Hlavní autoři: Pfenniger B., Francis (Autor), Borgheresi, Horacio (Autor)
Médium: Kniha
Jazyk:španělština
Vydáno: Santiago Instituto Chileno del Acero 2002
Témata:
Tagy: Přidat tag
Žádné tagy, Buďte první, kdo vytvoří štítek k tomuto záznamu!

MARC

LEADER 00000nam a2200000 a 4500
001 UCL6598
003 CL-VaPUC
008 040416e20020000CL |||||||||||||||||spa|d
020 |a 9568149023 
082 0 4 |a 721.0447  |b PFE  |2 21 
100 0 |a Pfenniger B., Francis  |e author  |9 484210 
700 0 |a Borgheresi, Horacio  |e author  |9 484211 
245 1 0 |a Arquitectura y acero 
300 |a v 
942 |c BK 
945 |d 20040416 00:00:00  |a cmena 
260 |a Santiago  |b Instituto Chileno del Acero  |c 2002 
650 0 |a Diseño arquitectónico   |9 265271 
650 0 |a Aceros  |9 260685 
650 0 |a Estructuras de acero  |9 260344 
650 0 |a Edificios   |9 260501 
650 0 |a Materiales de construcción  |9 260197 
583 |a last modification  |c 20160105 12:44:13  |k Rodrigo Vera 
999 |c 308597  |d 308595 
952 |0 0  |1 0  |4 0  |6 721_044700000000000_PFE_2002  |7 0  |8 A  |9 375230  |a BIBING  |b BIBING  |d 2019-11-21  |h v.1  |i 3904105  |o 721.0447 PFE 2002  |p 3904105  |r 2025-01-20  |w 2019-11-21  |y BK  |k CCL 
952 |0 0  |1 0  |4 0  |6 721_044700000000000_PFE_2002  |7 0  |8 A  |9 375231  |a BIBING  |b BIBING  |d 2019-11-21  |h v.2  |i 390413K  |o 721.0447 PFE 2002  |p 390413K  |r 2025-01-20  |w 2019-11-21  |y BK  |k CCL 
952 |0 0  |1 0  |4 0  |6 721_044700000000000_PFE_2002  |7 0  |8 A  |9 375232  |a BIBING  |b BIBING  |d 2019-11-21  |h v.1  |i 3904121  |o 721.0447 PFE 2002  |p 3904121  |r 2025-01-20  |w 2019-11-21  |y BK  |k CCL 
952 |0 0  |1 0  |4 0  |6 721_044700000000000_PFE_2002  |7 0  |8 A  |9 375233  |a BIBING  |b BIBING  |d 2019-11-21  |h v.2  |i 3904113  |o 721.0447 PFE 2002  |p 3904113  |r 2025-01-20  |w 2019-11-21  |y BK  |k CCL 
952 |0 0  |1 0  |4 0  |6 721_044700000000000_PFE_2002  |7 0  |8 A  |9 375234  |a BIBARQ  |b BIBARQ  |d 2019-11-21  |h v.1  |i 4183479  |o 721.0447 PFE 2002  |p 4183479  |r 2025-01-20  |w 2019-11-21  |y BK  |k ARQ 
952 |0 0  |1 0  |4 0  |6 721_044700000000000_PFE_2002  |7 0  |8 A  |9 375235  |a BIBARQ  |b BIBARQ  |d 2019-11-21  |h v.2  |i 4183460  |o 721.0447 PFE 2002  |p 4183460  |r 2025-01-20  |w 2019-11-21  |y BK  |k ARQ